[Event "Spring Seniors"]
[Site "Winnipeg CAN"]
[Date "2025.04.11"]
[Round "2.2"]
[White "MacPherson, Al"]
[Black "Boron, Anthony"]
[Result "1/2-1/2"]
[WhiteElo "1856"]
[BlackElo "1985"]
[WhiteFideId "-1"]
[WhiteFideId "-1"]
[PlyCount "134"]
[GameId "2173905933439104"]
[EventDate "2025.04.04"]
[EventType "swiss"]
[EventRounds "4"]
[EventCountry "CAN"]

1. d4 d5 2. c4 dxc4 3. e4 e5 4. d5 Nf6 5. Qa4+ c6 6. dxc6 Nxc6 7. Bxc4 Qa5+ 8. Qxa5 Nxa5 9. Bb5+ Bd7 10. Bxd7+ Kxd7 11. Nf3 Nxe4 12. Nxe5+ Ke6 13. Nd3 Rd8 14. Nf4+ Kf5 15. O-O Bb4 16. g4+ Ke5 17. Ne2 Nc4 18. f4+ Ke6 19. Nec3 Bc5+ 20. Kg2 f5 21. gxf5+ Kxf5 22. Nxe4 Kxe4 23. Nc3+ Kf5 24. Ne2 Rhe8 25. Ng3+ Kf6 26. b3 Ne3+ 27. Bxe3 Bxe3 28. Kf3 Bb6 29. Ne4+ Kf5 30. Ng3+ Kg6 31. Rad1 Re3+ 32. Kg4 Red3 33. Rde1 Kf7 34. Re2 Rd2 35. Rfe1 R8d7 36. Ne4 Rxe2 37. Rxe2 h6 38. Rd2 Re7 39. Nd6+ Kf6 40. Nc4 Bg1 41. Rd6+ Re6 42. Rxe6+ Kxe6 43. h3 Bd4 44. Kf3 Kd5 45. Nd2 Bb2 46. Nc4 Bc3 47. Ke3 b5 48. Na3 Bd4+ 49. Kd3 a6 50. Nc2 Bc5 51. Ne1 Bf2 52. Nc2 Bc5 53. Ne1 Bd6 54. Ke3 a5 55. Nc2 Bc5+ 56. Kd3 Bg1 57. Na3 Kc5 58. Nc2 Bf2 59. Ke4 a4 60. Kd3 axb3 61. axb3 Bg1 62. Ke4 Bh2 63. f5 Kd6 64. Nd4 b4 65. Nb5+ Kc5 66. Nd4 Kd6 67. Nb5+ Kc5 1/2-1/2

[Event "Spring Seniors"]
[Site "Winnipeg CAN"]
[Date "2025.04.11"]
[Round "2.3"]
[White "Kuryliw, Ray"]
[Black "Rutter, Blair"]
[Result "0-1"]
[WhiteElo "1981"]
[BlackElo "1865"]
[WhiteFideId "-1"]
[WhiteFideId "-1"]
[PlyCount "139"]
[GameId "2173905933439105"]
[EventDate "2025.04.04"]
[EventType "swiss"]
[EventRounds "4"]
[EventCountry "CAN"]

1. d4 e6 2. Bf4 d5 3. e3 c5 4. c3 Nc6 5. Nf3 Nf6 6. Nbd2 Bd7 7. Ne5 Be7 8. Bd3 Rc8 9. h3 a6 10. a4 Qb6 11. b3 Nxe5 12. Bxe5 Bc6 13. O-O Qd8 14. f4 g6 15. Ra2 O-O 16. Bxf6 Bxf6 17. Nf3 Qa5 18. Rc2 c4 19. b4 Qxa4 20. Be2 a5 21. bxa5 Qxa5 22. Qd2 Ra8 23. g4 Qc7 24. g5 Bg7 25. h4 Ra3 26. h5 Rfa8 27. hxg6 fxg6 28. Nh2 Qa5 29. Bg4 Bd7 30. Bf3 Ra2 31. Rf2 Rxc2 32. Qxc2 Qc7 33. Ng4 Ra3 34. Qb2 Rb3 35. Qa1 Qd8 36. Ra2 Kf7 37. Bd1 Rb6 38. Rh2 Kg8 39. Qa5 Qc7 40. Nf6+ Bxf6 41. gxf6 Rc6 42. Qa3 Qd6 43. Qa8+ Bc8 44. Bg4 h5 45. Bf3 Kf7 46. Qa2 Ra6 47. Qc2 Ra1+ 48. Bd1 Qa3 49. Rg2 Kxf6 50. Qxg6+ Ke7 51. Qg7+ Kd6 52. Qf8+ Kc7 53. Qxa3 Rxa3 54. Rc2 Ra1 55. Rd2 Rc1 56. Kf2 h4 57. Bg4 Rxc3 58. Kf3 Rb3 59. Rc2 b5 60. Ke2 Kd6 61. Bf3 Bb7 62. Kd2 b4 63. Rxc4 dxc4 64. Bxb7 Rb2+ 65. Kc1 c3 66. e4 Rf2 67. d5 Rxf4 68. dxe6 Kxe6 69. Bd5+ Ke5 70. Kc2 0-1

[Event "Spring Seniors"]
[Site "Winnipeg CAN"]
[Date "2025.04.11"]
[Round "2.4"]
[White "Melnyk, James"]
[Black "Greenberg, Harley"]
[Result "1-0"]
[WhiteElo "1653"]
[BlackElo "1717"]
[WhiteFideId "-1"]
[WhiteFideId "-1"]
[PlyCount "57"]
[GameId "2173905933439106"]
[EventDate "2025.04.04"]
[EventType "swiss"]
[EventRounds "4"]
[EventCountry "CAN"]

1. e4 e5 2. Nf3 Nc6 3. c3 Nf6 4. d4 exd4 5. e5 Ng4 6. cxd4 d5 7. Nc3 Bb4 8. Bb5 O-O 9. Qb3 Nxd4 10. Nxd4 Nxf2 11. Qxb4 a5 12. Qb3 Qh4 13. g3 Qxd4 14. Ne2 Qe4 15. Rf1 c6 16. Kxf2 cxb5 17. Qxb5 Bg4 18. Bf4 Rac8 19. Nc3 Qd4+ 20. Kg2 h6 21. Qxd5 Qb4 22. Rf2 g5 23. Be3 Be6 24. Qb5 Rfd8 25. a3 Qxb5 26. Nxb5 Bd5+ 27. Kg1 Bc4 28. Nd6 Rc7 29. Bb6 1-0

[Event "Spring Seniors"]
[Site "Winnipeg CAN"]
[Date "2025.04.18"]
[Round "3.1"]
[White "Klokow, John"]
[Black "Babb, Jeff"]
[Result "0-1"]
[WhiteElo "1787"]
[BlackElo "2045"]
[WhiteFideId "-1"]
[WhiteFideId "-1"]
[PlyCount "96"]
[GameId "2173905933439107"]
[EventDate "2025.04.04"]
[EventType "swiss"]
[EventRounds "4"]
[EventCountry "CAN"]

1. e4 d5 2. exd5 Qxd5 3. Nc3 Qd6 4. d4 Nf6 5. Nf3 c6 6. Bc4 Bg4 7. Be3 Nbd7 8. h3 Bh5 9. g4 Bg6 10. Nh4 Nb6 11. Bb3 Nbd5 12. Nxd5 Nxd5 13. Qf3 e6 14. O-O-O Be7 15. Nxg6 hxg6 16. Kb1 b5 17. c4 bxc4 18. Bxc4 Qb4 19. Bxd5 cxd5 20. Bd2 Qb5 21. Rc1 Rb8 22. Qb3 Qxb3 23. axb3 Kd7 24. Bf4 Bd6 25. Bxd6 Kxd6 26. Rc3 Rb4 27. Rd1 g5 28. Ka2 Rhb8 29. Rdd3 f6 30. Kb1 a5 31. Kc2 a4 32. Re3 Rxd4 33. bxa4 Rxa4 34. Rb3 Rxb3 35. Rxb3 Rf4 36. f3 Rc4+ 37. Kd3 Kc7 38. Ra3 Rb4 39. Ra7+ Rb7 40. Ra6 e5 41. Ra5 Rb3+ 42. Kc2 Rxf3 43. Rxd5 Rxh3 44. b4 Rg3 45. Rc5+ Kb6 46. Rc4 Kb5 47. Re4 Rf3 48. Kd2 Rf4 0-1

[Event "Spring Seniors"]
[Site "Winnipeg CAN"]
[Date "2025.04.18"]
[Round "3.2"]
[White "Rutter, Blair"]
[Black "Melnyk, James"]
[Result "1-0"]
[WhiteElo "1865"]
[BlackElo "1653"]
[WhiteFideId "-1"]
[WhiteFideId "-1"]
[PlyCount "89"]
[GameId "2173905933447300"]
[EventDate "2025.04.04"]
[EventType "swiss"]
[EventRounds "4"]
[EventCountry "CAN"]

1. c4 e5 2. g3 Nf6 3. Bg2 Bc5 4. Nc3 O-O 5. e3 c6 6. Nge2 d6 7. O-O Be6 8. d4 Bb6 9. b3 Qd7 10. Bb2 Bh3 11. Qc2 Bxg2 12. Kxg2 Re8 13. Rad1 Qg4 14. h3 Qc8 15. Na4 Bc7 16. dxe5 dxe5 17. e4 Nbd7 18. Bc1 b5 19. Nb2 Nc5 20. f3 b4 21. Bg5 Qe6 22. Nd3 Nxd3 23. Rxd3 Nd7 24. c5 h6 25. Be3 Rad8 26. Rfd1 Nf6 27. g4 Rd7 28. Rxd7 Nxd7 29. Qd2 Rd8 30. Qxb4 Rb8 31. Qd2 Nf6 32. Qc2 Nd7 33. Ng3 Qe7 34. Nf5 Qe6 35. Qd3 Rd8 36. Qa6 Kh7 37. Qxa7 Rc8 38. Qb7 Nf6 39. Rd2 Ne8 40. Qa6 Bb8 41. b4 Nc7 42. Qd3 Ne8 43. Qd7 Qxd7 44. Rxd7 Nf6 45. Rxf7 1-0

[Event "Spring Seniors"]
[Site "Winnipeg CAN"]
[Date "2025.04.18"]
[Round "3.3"]
[White "Lauritson, Jim"]
[Black "MacPherson, Al"]
[Result "1-0"]
[WhiteElo "1878"]
[BlackElo "1856"]
[WhiteFideId "-1"]
[WhiteFideId "-1"]
[PlyCount "141"]
[GameId "2173905933447301"]
[EventDate "2025.04.04"]
[EventType "swiss"]
[EventRounds "4"]
[EventCountry "CAN"]

1. d4 d5 2. c4 e6 3. Nc3 Nf6 4. cxd5 exd5 5. Bg5 Be7 6. e3 O-O 7. Bd3 h6 8. Bh4 c6 9. Qc2 Re8 10. Nge2 Nbd7 11. O-O Nf8 12. f3 Ne6 13. Rad1 b5 14. h3 Bb7 15. Bf2 Bf8 16. e4 b4 17. Na4 dxe4 18. fxe4 Rc8 19. Nc5 Nxc5 20. dxc5 Qe7 21. Ng3 Qe5 22. Qc4 Rb8 23. Rde1 Bc8 24. Nf5 Be6 25. Qc2 b3 26. axb3 Bxb3 27. Qc1 Be6 28. Bd4 Bxc5 29. Qxc5 Qxc5 30. Bxc5 Rxb2 31. Bxa7 Rd8 32. Bb1 Rdd2 33. Ne3 Nh5 34. Rd1 Ng3 35. Rxd2 Rxd2 36. Rd1 Rxd1+ 37. Nxd1 Ne2+ 38. Kf2 Nf4 39. Be3 Nxh3+ 40. gxh3 Bxh3 41. Bc2 h5 42. Ba4 Bd7 43. Kg3 Kh7 44. Kh4 g6 45. Kg5 Kg7 46. Bd4+ Kg8 47. Ne3 c5 48. Bxc5 Bxa4 49. Nd5 Bb3 50. Bd4 f5 51. Nf6+ Kf7 52. e5 Ba2 53. Nd7 Be6 54. Nc5 Bd5 55. Nd3 Bc4 56. Nf4 Ba2 57. Nxg6 Bb3 58. Kxh5 Bd1+ 59. Kg5 Bb3 60. Nh4 Ba2 61. Nxf5 Ke8 62. Kf6 Kd8 63. Bb6+ Kd7 64. Nd4 Bc4 65. Bc5 Bd5 66. Bd6 Bc4 67. Nc2 Be6 68. Ne3 Bh3 69. Nf5 Ke8 70. e6 Bf1 71. Ng7+ 1-0

[Event "Spring Seniors"]
[Site "Winnipeg CAN"]
[Date "2025.04.18"]
[Round "3.4"]
[White "Boron, Anthony"]
[Black "Kuryliw, Ray"]
[Result "1/2-1/2"]
[WhiteElo "1985"]
[BlackElo "1981"]
[WhiteFideId "-1"]
[WhiteFideId "-1"]
[PlyCount "104"]
[GameId "2173905933447302"]
[EventDate "2025.04.04"]
[EventType "swiss"]
[EventRounds "4"]
[EventCountry "CAN"]

1. b3 d5 2. Bb2 Bf5 3. d3 Nf6 4. Nd2 e6 5. g3 Nbd7 6. Bg2 c6 7. Ngf3 a5 8. a4 Qc7 9. Nh4 Be7 10. Nxf5 exf5 11. Nf3 O-O 12. e3 Rfe8 13. O-O Bf8 14. Rc1 Rad8 15. Nd4 g6 16. Ba1 Bg7 17. Rb1 Nc5 18. c3 Ne6 19. Ne2 c5 20. b4 axb4 21. cxb4 b6 22. Qb3 Qd7 23. b5 Re7 24. Rfe1 Qe8 25. Bxf6 Bxf6 26. Bxd5 Qd7 27. Bc4 Ra8 28. Nc3 Bxc3 29. Qxc3 Rxa4 30. Ra1 Rxa1 31. Rxa1 Nc7 32. Ra7 Qd6 33. Qa1 h6 34. h4 g5 35. hxg5 hxg5 36. Rb7 f4 37. exf4 gxf4 38. Qd1 Qg6 39. Qf3 Re1+ 40. Kg2 Ne6 41. Bxe6 Rxe6 42. Rb8+ Kg7 43. Qxf4 Qxd3 44. Qg5+ Qg6 45. Qf4 Qf6 46. Qg4+ Qg6 47. Qf3 Rf6 48. Qa8 Qh7 49. Qd5 Qc2 50. Qg5+ Qg6 51. Qh4 Qh6 52. Qg4+ Qg6 1/2-1/2

[Event "Spring Seniors"]
[Site "Winnipeg CAN"]
[Date "2025.04.18"]
[Round "3.5"]
[White "Greenberg, Harley"]
[Black "Pacin, Ondrej"]
[Result "0-1"]
[WhiteElo "1717"]
[BlackElo "1343"]
[WhiteFideId "-1"]
[WhiteFideId "-1"]
[PlyCount "56"]
[GameId "2173905933447303"]
[EventDate "2025.04.04"]
[EventType "swiss"]
[EventRounds "4"]
[EventCountry "CAN"]

1. e4 c6 2. d4 d5 3. Bd3 dxe4 4. Bxe4 Nf6 5. Nc3 Nxe4 6. Nxe4 Bf5 7. Ng3 Bg6 8. Nf3 h6 9. O-O e6 10. b3 Nd7 11. Bb2 Qc7 12. c4 O-O-O 13. Qe2 Nb6 14. d5 exd5 15. a4 f6 16. a5 Na8 17. Nd4 Bf7 18. Rfc1 Kb8 19. Nxc6+ Qxc6 20. cxd5 Qd7 21. Bd4 Re8 22. Qc2 a6 23. Be3 Rc8 24. Bf4+ Nc7 25. Nf5 Ka8 26. Bxc7 g6 27. Nd4 Bd6 28. Nb5 Qxb5 0-1

[Event "Spring Seniors"]
[Site "Winnipeg CAN"]
[Date "2025.04.25"]
[Round "4.1"]
[White "Lauritson, Jim"]
[Black "Rutter, Blair"]
[Result "1-0"]
[WhiteElo "1878"]
[BlackElo "1865"]
[WhiteFideId "-1"]
[WhiteFideId "-1"]
[PlyCount "51"]
[GameId "2173905933455496"]
[EventDate "2025.04.04"]
[EventType "swiss"]
[EventRounds "4"]
[EventCountry "CAN"]

1. d4 e6 2. c4 d5 3. Nc3 Nf6 4. cxd5 exd5 5. Bg5 c6 6. e3 Bd6 7. Bd3 O-O 8. Qc2 g6 9. h4 Kg7 10. h5 Rh8 11. h6+ Kf8 12. O-O-O Be7 13. Nf3 Ng4 14. Bxe7+ Qxe7 15. e4 Be6 16. Rde1 Qd8 17. exd5 cxd5 18. Ne5 Qg5+ 19. Kb1 Nxe5 20. Rxe5 Qxg2 21. Rhe1 Nc6 22. Nxd5 Re8 23. Qc5+ Ne7 24. Bb5 f6 25. Rxe6 Qxd5 26. Qxd5 1-0

[Event "Spring Seniors"]
[Site "Winnipeg CAN"]
[Date "2025.04.25"]
[Round "4.2"]
[White "Babb, Jeff"]
[Black "Boron, Tony"]
[Result "1/2-1/2"]
[WhiteElo "2045"]
[BlackElo "1985"]
[WhiteFideId "-1"]
[WhiteFideId "-1"]
[PlyCount "100"]
[GameId "2173905933455497"]
[EventDate "2025.04.04"]
[EventType "swiss"]
[EventRounds "4"]
[EventCountry "CAN"]

1. Nf3 Nf6 2. g3 g6 3. Bg2 Bg7 4. O-O c5 5. d4 cxd4 6. Nxd4 Nc6 7. c4 O-O 8. Nc3 Nxd4 9. Qxd4 d6 10. Bg5 Be6 11. Qh4 Rc8 12. Nd5 Re8 13. b3 Bxd5 14. cxd5 Qa5 15. a4 Rc2 16. b4 Qc7 17. Rac1 Qc3 18. Bf3 Qb3 19. Rxc2 Qxc2 20. a5 Rc8 21. Rc1 Qf5 22. Rxc8+ Qxc8 23. Qd4 a6 24. Qd3 Qc7 25. Qe3 Kf8 26. Kg2 Ng8 27. Qb3 Qc3 28. Qa4 Qc7 29. Be3 Nf6 30. Qb3 Nd7 31. Bd2 Ne5 32. b5 Qc4 33. Qxc4 Nxc4 34. bxa6 bxa6 35. Bb4 Ne5 36. Be4 f5 37. Bc2 Nd7 38. Bd3 Nc5 39. Bc4 Bb2 40. h4 Kf7 41. Kf3 Kf6 42. e3 Ke5 43. Ke2 h6 44. f3 g5 45. hxg5 hxg5 46. Kd2 f4 47. Bxc5 dxc5 48. gxf4+ gxf4 49. e4 Kd4 50. Bxa6 Bc3+ 1/2-1/2

[Event "Spring Seniors"]
[Site "Winnipeg CAN"]
[Date "2025.04.25"]
[Round "4.3"]
[White "Pacin, Ondrej"]
[Black "Kuryliw, Ray"]
[Result "1-0"]
[WhiteElo "1343"]
[BlackElo "1981"]
[WhiteFideId "-1"]
[WhiteFideId "-1"]
[PlyCount "103"]
[GameId "2173905933455498"]
[EventDate "2025.04.04"]
[EventType "swiss"]
[EventRounds "4"]
[EventCountry "CAN"]

1. e4 Nf6 2. d3 Nc6 3. Nf3 d6 4. h3 g6 5. c3 Bg7 6. Be3 b6 7. Be2 Bb7 8. Nbd2 a5 9. a4 O-O 10. g4 e5 11. g5 Nd7 12. h4 f5 13. Nf1 f4 14. Bc1 Qe7 15. N1h2 Rfd8 16. Qc2 Nf8 17. Ng4 Kf7 18. Bd2 Na7 19. c4 c6 20. Bc3 Nd7 21. b3 Re8 22. O-O-O Rac8 23. h5 Rh8 24. hxg6+ hxg6 25. Rdg1 d5 26. Rxh8 Rxh8 27. Qb2 d4 28. Bd2 Nc5 29. Kc2 Bc8 30. Ngh2 Bd7 31. Qa2 Qd8 32. Ng4 Bxg4 33. Rxg4 Rh1 34. Ng1 Ne6 35. Nf3 Qh8 36. b4 axb4 37. Bxb4 c5 38. Be1 Nc6 39. a5 Qa8 40. Qa4 Ke7 41. Rh4 Rxh4 42. Nxh4 Kf7 43. Nf3 Bf8 44. Qb5 bxa5 45. Bd1 Be7 46. Bxa5 Nxa5 47. Nxe5+ Kg7 48. Qd7 Nc6 49. Nxc6 Qa2+ 50. Kc1 Qa3+ 51. Kb1 Qb4+ 52. Nxb4 1-0

[Event "Spring Seniors"]
[Site "Winnipeg CAN"]
[Date "2025.04.25"]
[Round "4.4"]
[White "Melnyk, James"]
[Black "Klokow, John"]
[Result "0-1"]
[WhiteElo "1653"]
[BlackElo "1787"]
[WhiteFideId "-1"]
[WhiteFideId "-1"]
[PlyCount "64"]
[GameId "2173905933455499"]
[EventDate "2025.04.04"]
[EventType "swiss"]
[EventRounds "4"]
[EventCountry "CAN"]

1. e4 e5 2. Nf3 Nc6 3. c3 Nf6 4. d4 Nxe4 5. d5 Bc5 6. dxc6 Bxf2+ 7. Ke2 Bb6 8. Qd5 Nf2 9. cxb7 Bxb7 10. Qxb7 Nxh1 11. Na3 O-O 12. Nc4 Qf6 13. Nxb6 axb6 14. Be3 Qe6 15. Qe4 f6 16. c4 c6 17. a3 d5 18. cxd5 cxd5 19. Qb4 d4 20. Ke1 Rac8 21. Bd2 Kh8 22. Rc1 Rxc1+ 23. Bxc1 Rc8 24. Qd2 h6 25. Bb5 Qf5 26. Ba4 Qb1 27. Kd1 Nf2+ 28. Qxf2 Rxc1+ 29. Ke2 Qxb2+ 30. Nd2 e4 31. Qf4 e3 32. Bd1 Qxd2+ 0-1

[Event "Spring Seniors"]
[Site "Winnipeg CAN"]
[Date "2025.04.25"]
[Round "4.5"]
[White "MacPherson, Al"]
[Black "Greenberg, Harley"]
[Result "1-0"]
[WhiteElo "1856"]
[BlackElo "1717"]
[WhiteFideId "-1"]
[WhiteFideId "-1"]
[PlyCount "37"]
[GameId "2173905933455500"]
[EventDate "2025.04.04"]
[EventType "swiss"]
[EventRounds "4"]
[EventCountry "CAN"]

1. d4 Nf6 2. c4 e6 3. Nc3 Bb4 4. a3 Bxc3+ 5. bxc3 b6 6. f3 d5 7. e3 Bb7 8. Rb1 dxc4 9. Bxc4 O-O 10. Ne2 Nbd7 11. O-O c5 12. e4 cxd4 13. cxd4 Rc8 14. Ba2 Qc7 15. Bf4 Qc2 16. Bb3 Qxd1 17. Rfxd1 Ba6 18. Kf2 Bd3 19. Rxd3 1-0

[Event "Ste-Foy 1 2025-26"]
[Site "Ste-Foy CAN"]
[Date "2025.09.15"]
[Round "1"]
[White "Barrera, Eduardo"]
[Black "Andriantsolofonirina, Fabrice"]
[Result "1-0"]
[WhiteElo "1934"]
[BlackElo "1221"]
[WhiteFideId "-1"]
[WhiteFideId "-1"]
[PlyCount "83"]
[GameId "2223201934473892"]
[EventDate "2025.09.15"]
[EventType "swiss"]
[EventRounds "5"]
[EventCountry "CAN"]

1. e4 c5 2. Nf3 Nc6 3. d4 cxd4 4. Nxd4 Nf6 5. Nc3 e5 6. Ndb5 a6 7. Nd6+ Bxd6 8. Qxd6 Qe7 9. Qd1 d6 10. Bg5 h6 11. Nd5 Qd8 12. Bxf6 gxf6 13. c3 Be6 14. Bc4 f5 15. exf5 Bxf5 16. Qf3 Be6 17. Nf6+ Ke7 18. Nd5+ Bxd5 19. Bxd5 f6 20. Bxc6 bxc6 21. Qxc6 Qd7 22. Qf3 Qb5 23. O-O-O Rab8 24. Rd2 Rhc8 25. Rhd1 Rc6 26. Qe4 d5 27. Qh7+ Ke6 28. g4 d4 29. Rc2 Rb7 30. Qf5+ Ke7 31. Qh7+ Ke6 32. Qg8+ Ke7 33. c4 Qb6 34. Rd3 Qb4 35. Kd1 Rbc7 36. Rb3 Qc5 37. Rb8 Rc8 38. Qh7+ Ke6 39. b4 Qf8 40. Rb7 Rd8 41. Qf5+ Kd6 42. c5+ 1-0

[Event "Ste-Foy 1 2025-26"]
[Site "Ste-Foy CAN"]
[Date "2025.09.15"]
[Round "1"]
[White "Couture, Francois"]
[Black "Lescarbeau, Martin"]
[Result "0-1"]
[WhiteElo "1150"]
[BlackElo "1741"]
[WhiteFideId "-1"]
[WhiteFideId "-1"]
[PlyCount "26"]
[GameId "2223201938078375"]
[EventDate "2025.09.15"]
[EventType "swiss"]
[EventRounds "5"]
[EventCountry "CAN"]

1. d4 d5 2. c4 e5 3. dxe5 d4 4. Nf3 Nc6 5. a3 Nge7 6. b3 Ng6 7. Bb2 Ngxe5 8. Bxd4 Nxf3+ 9. exf3 Qxd4 10. Nd2 Bf5 11. Be2 O-O-O 12. Ne4 Bxe4 13. fxe4 Qc3+ 0-1

[Event "Ste-Foy 1 2025-26"]
[Site "Ste-Foy CAN"]
[Date "2025.09.15"]
[Round "1"]
[White "Lamini, Cedric"]
[Black "Pepin, Pierre-Luc"]
[Result "1-0"]
[WhiteElo "1614"]
[BlackElo "1137"]
[WhiteFideId "-1"]
[WhiteFideId "-1"]
[PlyCount "37"]
[GameId "2223201938082472"]
[EventDate "2025.09.15"]
[EventType "swiss"]
[EventRounds "5"]
[EventCountry "CAN"]

1. d4 d5 2. c4 e6 3. Nf3 Nf6 4. g3 dxc4 5. Bg2 c6 6. O-O b5 7. a4 Bb7 8. Ne5 Nfd7 9. Qc2 Nxe5 10. dxe5 a6 11. Be3 Qc7 12. f4 Nd7 13. Nc3 Bc5 14. Bxc5 Nxc5 15. Ne4 Nxe4 16. Bxe4 h6 17. Rfd1 Qb6+ 18. Kg2 c5 19. Rd6 1-0

[Event "Ste-Foy 1 2025-26"]
[Site "Ste-Foy CAN"]
[Date "2025.09.15"]
[Round "1"]
[White "Lebel, Michel"]
[Black "Laurendeau, Alfred"]
[Result "0-1"]
[WhiteElo "1064"]
[BlackElo "1475"]
[WhiteFideId "-1"]
[WhiteFideId "-1"]
[PlyCount "78"]
[GameId "2223201938090665"]
[EventDate "2025.09.15"]
[EventType "swiss"]
[EventRounds "5"]
[EventCountry "CAN"]

1. e4 d5 2. exd5 Qxd5 3. Nc3 Qd8 4. Nf3 Nf6 5. Bc4 a6 6. O-O b5 7. Be2 Nbd7 8. d4 e6 9. Bd3 Bb7 10. Re1 Be7 11. Ne4 O-O 12. c3 h6 13. a3 Rc8 14. b4 Nb6 15. Bd2 Nxe4 16. Bxe4 Bxe4 17. Rxe4 Nc4 18. Bf4 g5 19. Bg3 Qd5 20. Qc2 f5 21. Ree1 Bf6 22. h3 Kg7 23. Nd2 Nxd2 24. Qxd2 f4 25. Bh2 c5 26. bxc5 Rxc5 27. Rac1 e5 28. c4 bxc4 29. Qb4 exd4 30. Qb6 Qc6 31. Qb4 d3 32. Red1 a5 33. Qd2 Rb8 34. Kh1 Rb2 35. Qe1 Re5 36. Qc3 Re4 37. f3 Bxc3 38. fxe4 Qxe4 39. Rxc3 Qxg2# 0-1

[Event "Ste-Foy 1 2025-26"]
[Site "Ste-Foy CAN"]
[Date "2025.09.15"]
[Round "1"]
[White "Renzo, Alain"]
[Black "Belanger, Mathieu-Olivier"]
[Result "0-1"]
[WhiteElo "1196"]
[BlackElo "1926"]
[WhiteFideId "-1"]
[WhiteFideId "-1"]
[PlyCount "50"]
[GameId "2223201938049701"]
[EventDate "2025.09.15"]
[EventType "swiss"]
[EventRounds "5"]
[EventCountry "CAN"]

1. e4 e5 2. Nf3 Nc6 3. d4 exd4 4. Nxd4 Nf6 5. Nc3 d6 6. Be3 Be7 7. h3 a6 8. Qd2 Nxd4 9. Bxd4 b5 10. O-O-O O-O 11. Be2 Bb7 12. f3 b4 13. Nb1 c5 14. Be3 a5 15. Bc4 a4 16. Bf4 d5 17. exd5 Nh5 18. Be3 Ng3 19. Rhg1 Ba6 20. Qd3 Qd6 21. Nd2 Bf6 22. Kb1 Qe5 23. Bd4 Qxd4 24. Qxd4 Bxd4 25. Bxa6 Bxg1 0-1

[Event "Ste-Foy 1 2025-26"]
[Site "Ste-Foy CAN"]
[Date "2025.09.15"]
[Round "1"]
[White "Savard, Alexandre"]
[Black "Deschenes, Andre-Philippe"]
[Result "1-0"]
[WhiteElo "1753"]
[BlackElo "1194"]
[WhiteFideId "-1"]
[WhiteFideId "-1"]
[PlyCount "58"]
[GameId "2223201938070182"]
[EventDate "2025.09.15"]
[EventType "swiss"]
[EventRounds "5"]
[EventCountry "CAN"]

1. e4 e6 2. d4 d5 3. Nc3 c5 4. exd5 exd5 5. dxc5 Bxc5 6. Qxd5 Qxd5 7. Nxd5 Bd6 8. Nf3 Ne7 9. Bf4 Bxf4 10. Nxf4 O-O 11. Bc4 Nbc6 12. O-O Bg4 13. Ng5 Ne5 14. Bb3 h6 15. Ne4 Rfd8 16. f3 Bf5 17. Rad1 Bxe4 18. fxe4 N7c6 19. Rd5 Ng4 20. Rfd1 Re8 21. Rd7 Nce5 22. Rxb7 Red8 23. Rxd8+ Rxd8 24. Nd5 a6 25. h3 Nf6 26. Nxf6+ gxf6 27. Bd5 Kg7 28. Ra7 Rd6 29. c4 Nd7 1-0

[Event "Ste-Foy 1 2025-26"]
[Site "Ste-Foy CAN"]
[Date "2025.09.16"]
[Round "1"]
[White "Blais, Pierre-Luc"]
[Black "Taran, Maksim"]
[Result "1-0"]
[WhiteElo "1446"]
[BlackElo "989"]
[WhiteFideId "-1"]
[WhiteFideId "-1"]
[PlyCount "99"]
[GameId "2223206382493971"]
[EventDate "2025.09.15"]
[EventType "swiss"]
[EventRounds "5"]
[EventCountry "CAN"]
[TimeControl "5400+30"]

1. d4 e6 2. c4 d5 3. Nf3 c5 4. cxd5 exd5 5. Nc3 Nc6 6. Bf4 Bd6 7. Nxd5 cxd4 8. Bd2 Be6 9. Nf4 Bxf4 10. Bxf4 Nf6 11. e3 dxe3 12. Bxe3 O-O 13. Be2 Qd5 14. O-O Rad8 15. Qxd5 Rxd5 16. Bc4 Rd6 17. Bc5 Rfd8 18. Bxd6 Bxc4 19. Rfc1 Rxd6 20. Rxc4 b5 21. Rc5 a6 22. Ne5 Ne7 23. Rac1 Kf8 24. Rc7 Re6 25. Nd7+ Nxd7 26. Rxd7 Ke8 27. Rcd1 f6 28. Kf1 Kf7 29. Re1 Rxe1+ 30. Kxe1 Ke6 31. Ra7 Nf5 32. Rxa6+ Kf7 33. Rb6 Nh4 34. Kf1 Kg6 35. Rxb5 h6 36. a4 Nf5 37. a5 Kh5 38. Rxf5+ Kg4 39. Rf3 g5 40. a6 f5 41. h3+ Kh4 42. Rxf5 Kh5 43. a7 Kg6 44. Ra5 Kh5 45. a8=Q Kg6 46. Qf3 Kh7 47. Qf5+ Kg7 48. Ra7+ Kg8 49. Qg6+ Kf8 50. Qf7# 1-0

[Event "Ste-Foy 1 2025-26"]
[Site "Ste-Foy CAN"]
[Date "2025.09.15"]
[Round "2"]
[White "Belanger, Mathieu-Olivier"]
[Black "Fillion, Jean-Yves"]
[Result "1-0"]
[WhiteElo "1926"]
[BlackElo "1371"]
[WhiteFideId "-1"]
[WhiteFideId "-1"]
[PlyCount "121"]
[GameId "2226050915208512"]
[EventDate "2025.09.15"]
[EventType "swiss"]
[EventRounds "5"]
[EventCountry "CAN"]

1. e4 g6 2. d4 Bg7 3. Nf3 d6 4. Bd3 Nf6 5. O-O O-O 6. Re1 Nc6 7. c3 Bg4 8. Nbd2 e5 9. d5 Ne7 10. h3 Bxf3 11. Nxf3 h6 12. c4 Nh7 13. g4 f5 14. Nh4 f4 15. Nf3 Bf6 16. b4 Qe8 17. Kh1 h5 18. gxh5 gxh5 19. Rg1+ Kh8 20. Bb2 Qd7 21. Kh2 Rg8 22. Qe2 Qe8 23. Rxg8+ Nxg8 24. Rg1 Qf7 25. Kg2 Qd7 26. Rh1 Nh6 27. Kf1 Rg8 28. Ke1 Ng5 29. Nxg5 Rxg5 30. Kd2 Qf7 31. Qf3 Qg6 32. Bf1 Kh7 33. a4 Qe8 34. a5 b6 35. axb6 cxb6 36. Qa3 Qb8 37. Be2 Rg2 38. Qf3 Rg5 39. Ra1 a5 40. bxa5 bxa5 41. Bc3 Bd8 42. h4 Rg4 43. Qh3 Rg7 44. Bxh5 Qb6 45. Qf3 Bxh4 46. Rxa5 Bxf2 47. Rb5 Be3+ 48. Kd3 Qd8 49. Qh3 Bd4 50. Qe6 Qh4 51. Bxd4 Qxh5 52. Bf2 Qf3+ 53. Kc2 Qxf2+ 54. Kb3 Rg3+ 55. Kb4 Qb2+ 56. Ka5 Ra3+ 57. Kb6 Qd4+ 58. c5 Rg3 59. Kc6 Rg7 60. Kxd6 Rg6 61. Rb7+ 1-0

[Event "Ste-Foy 1 2025-26"]
[Site "Ste-Foy CAN"]
[Date "2025.09.15"]
[Round "2"]
[White "Cantin, Guillaume"]
[Black "Lamini, Cedric"]
[Result "1-0"]
[WhiteElo "1306"]
[BlackElo "1614"]
[WhiteFideId "-1"]
[WhiteFideId "-1"]
[PlyCount "79"]
[GameId "2226050915278146"]
[EventDate "2025.09.15"]
[EventType "swiss"]
[EventRounds "5"]
[EventCountry "CAN"]

1. d4 d6 2. Nf3 g6 3. c4 Bg7 4. Nc3 Nf6 5. e4 O-O 6. Be2 Nbd7 7. O-O e5 8. d5 Nc5 9. Qc2 a5 10. Be3 b6 11. Ne1 Ng4 12. Bxc5 bxc5 13. Bxg4 Bxg4 14. f3 Bd7 15. Nd3 f5 16. Rad1 f4 17. Nb5 h5 18. Qf2 g5 19. Nxc5 dxc5 20. Qxc5 Bxb5 21. cxb5 Rf6 22. Rc1 Rc8 23. Qa7 g4 24. Qxa5 Rg6 25. Rc3 Qg5 26. Rc2 h4 27. fxg4 Qxg4 28. Kh1 h3 29. gxh3 Qxh3 30. Qe1 Rg3 31. Rg1 Re3 32. Qf2 Kh7 33. Rc3 Rxc3 34. bxc3 Qxc3 35. Qh4+ Kg8 36. Qg4 Qf3+ 37. Qxf3 Rf8 38. Qg4 Rf7 39. Qe6 Kf8 40. Qc8+ 1-0

[Event "Ste-Foy 1 2025-26"]
[Site "Ste-Foy CAN"]
[Date "2025.09.15"]
[Round "2"]
[White "Laurendeau, Alfred"]
[Black "Aguilar Balzano, Sébastian"]
[Result "1-0"]
[WhiteElo "1475"]
[BlackElo "1296"]
[WhiteFideId "-1"]
[WhiteFideId "-1"]
[PlyCount "99"]
[GameId "2226050915286339"]
[EventDate "2025.09.15"]
[EventType "swiss"]
[EventRounds "5"]
[EventCountry "CAN"]

1. Nf3 e6 2. g3 d5 3. Bg2 Nf6 4. O-O Be7 5. c4 O-O 6. b3 Bd7 7. Bb2 c5 8. Ne5 Na6 9. d3 Bc6 10. Nxc6 bxc6 11. Nc3 Nd7 12. e3 Bf6 13. d4 cxd4 14. exd4 Nc7 15. Rc1 Rc8 16. Na4 e5 17. cxd5 cxd5 18. dxe5 Bxe5 19. Bxd5 Bxb2 20. Nxb2 Nxd5 21. Rxc8 Qxc8 22. Qxd5 Nf6 23. Qc4 Qf5 24. Qd3 Qh5 25. Kg2 h6 26. Nc4 Re8 27. Qf3 Qc5 28. Rd1 Ne4 29. Ne3 Nc3 30. Rd7 Re7 31. Rxe7 Qxe7 32. Nd5 Nxd5 33. Qxd5 Qa3 34. Qa8+ Kh7 35. Qe4+ Kg8 36. Qe8+ Qf8 37. Qxf8+ Kxf8 38. Kf3 Ke7 39. Ke4 Kd6 40. Kd4 Kc6 41. Kc4 a6 42. b4 h5 43. h4 Kd6 44. a4 Kc6 45. b5+ axb5+ 46. axb5+ Kd6 47. Kd4 f6 48. f4 g6 49. Kc4 g5 50. fxg5 1-0